[Event "Seafair Open"]
[Site "?"]
[Date "1970.08.01"]
[Round "2"]
[White "Jarmon, R."]
[Black "Bailey, B."]
[Result "0-1"]
[WhiteElo "1895"]
[BlackElo "1759"]
[Annotator "Stockfish 14 (15s)"]
[PlyCount "46"]
[EventDate "1970.??.??"]

{D24: Queen's Gambit Accepted: 3 Nf3 Nf6 4 Nc3} 1. d4 d5 2. Nf3 Nf6 3. c4 dxc4
4. Nc3 c5 5. Qa4+ Bd7 6. Qxc4 cxd4 7. Nxd4 Nc6 8. Bg5 (8. Nxc6 Bxc6 9. Qb3 e6
10. e3 a6 11. Qc2 Rc8 12. a3 Be7 13. Bd3 Nd5 14. Bd2 Nxc3 15. Bxc3 Bf6 16. O-O
Bxc3 17. Qxc3 O-O 18. Qb3 {
1/2-1/2 (18) Izsak,G (2330)-Hohler,P (2295) Budapest 1992}) (8. e4 e6 9. Be2
Qb6 10. Nxc6 Bxc6 11. Bf3 Bb4 12. Be3 Qa5 13. O-O Bxc3 14. Qxc3 Qxc3 15. bxc3
Nxe4 16. Bd4 O-O 17. Rfe1 f5 18. Bxe4 Bxe4 19. c4 Kf7 20. f3 Bc6 21. a4 Rfd8
22. Be5 Rd2 {Fustar,J-Lecic,P (2118) Obrenovac 2005 1/2-1/2 (52)}) 8... Nxd4 9.
Qxd4 Bc6 10. Bxf6 $146 (10. Qxd8+ Rxd8 11. f3 Nd5 12. Nxd5 {
1/2-1/2 (12) Keglevic,P (2330)-Kapic,I Zagreb 1995}) (10. Qxd8+ Rxd8 11. f3 a6
$11) 10... exf6 (10... gxf6 $142 11. Qxd8+ Rxd8 $15) 11. Qg4 $2 (11. Rd1 $142
$15) 11... Qb6 $19 12. O-O-O g6 $4 (12... Qxf2 $142 13. e4 g6 $19) 13. e3 $17
Bg7 (13... f5 $142 $5 14. Qd4 Qxd4 15. Rxd4 Bg7 $17) 14. Nd5 Bxd5 15. Rxd5 O-O
16. Rb5 $4 (16. Qd4 $142 Qe6 17. g3 $15) 16... Rac8+ $19 17. Kb1 Qc6 18. Bd3
Rfd8 19. Qe4 Qd7 20. Rd1 (20. Rb3 f5 21. Qf3 $19) 20... Qxb5 $3 21. a4 (21.
Bxb5 Rxd1# {Mate attack Clearance Deflection Pinning}) 21... Qb6 (21... Qb3 22.
Rd2 f5 23. Bc4 Rxd2 24. Qe8+ Rxe8 25. Bxb3 Rc8 26. Ka2 Rxb2+ 27. Ka3 a5 28. f3
Rxg2 29. Bc2 Rgxc2 30. h3 R8c3#) 22. Rd2 f5 23. Bc4 Rxd2 (23... Rxd2 24. b3
Qxb3+ 25. Bxb3 Rb2+ 26. Ka1 Rc1+ 27. Qb1 Rcxb1#) 0-1

[Event "Seafair Open"]
[Site "?"]
[Date "1970.08.01"]
[Round "3"]
[White "Bailey, B."]
[Black "Pratt, L."]
[Result "0-1"]
[WhiteElo "1759"]
[BlackElo "1939"]
[Annotator "Stockfish 12 (15s)"]
[PlyCount "106"]
[EventDate "1970.??.??"]

{B47: Sicilian: Taimanov: 5 Nc3 Qc7 6 f4, 6 g3 and 6 Be2} 1. e4 c5 2. Nf3 e6 3.
d4 cxd4 4. Nxd4 a6 5. Nc3 Qc7 6. g3 Nf6 7. Bg2 Nc6 8. Nxc6 (8. Nde2 b5 9. a3
Bb7 10. O-O Be7 11. h3 d6 12. Be3 Ne5 13. b3 Rc8 14. g4 Ng6 15. g5 Nd7 16. f4
Nh4 17. Bh1 h6 18. gxh6 Rxh6 19. Kh2 f5 20. Rg1 Bf6 21. Bd4 e5 22. fxe5 Nxe5 {
Ledic,T (2345)-Rajkovic,D (2495) Borovo 1980 0-1 (36)}) 8... bxc6 9. O-O (9.
Be3 h5 10. h3 Bb7 11. Qd2 O-O-O 12. O-O-O Bb4 13. a3 Be7 14. e5 Qxe5 15. Bb6
Rde8 16. Rhe1 Qb8 17. Qd4 d6 18. b4 Nd7 19. Na4 g6 20. Qc4 d5 21. Qd3 Ne5 22.
Qd4 Nc4 23. Ba7 e5 {Vion,J (2185)-Frih,A (2166) France 2004 0-1}) 9... d5 10.
exd5 $146 (10. f4 Bb7 11. Be3 Be7 12. e5 Nd7 13. Qg4 O-O 14. Ne2 c5 15. c3 Rab8
16. b3 a5 17. h4 Ba6 18. h5 h6 19. Rfc1 c4 20. Nd4 Bc5 21. Kh1 Rfe8 22. Qd1
Rec8 23. g4 Qd8 24. Bf2 Qe7 {Dubograev,D-Kuznetsov,I (2189) Orsk 2002 1-0 (32)}
) (10. Bf4 Qd8 11. Qe2 Be7 12. Rfe1 O-O 13. Rad1 Ra7 14. Be3 Rb7 15. Bc1 Qa5
16. Bd2 Qc7 17. b3 Rd8 18. e5 Nd7 19. f4 c5 20. f5 Rb4 21. fxe6 fxe6 22. Bxd5
Nb6 23. Bg2 Rbd4 24. Bf4 c4 {Bakos,S-Szirmai,E Salgotarjan 1977 1/2-1/2 (40)})
(10. Bf4 $142 $5 Qd8 11. Na4 $16) 10... cxd5 $11 11. a3 (11. Re1 Bb7 $11) 11...
Bc5 $4 (11... Bd6 $142 $5 $17) 12. Bf4 (12. Na4 Bb7 13. Nxc5 Qxc5 $14) 12...
Qd7 $11 13. Re1 O-O 14. Be5 Qa7 15. Qf3 Nd7 16. Bf4 Rd8 (16... Nb6 $11) 17. Re2
$4 (17. b4 $142 Bb6 18. Nxd5 exd5 19. Re7 $16) 17... Nb6 $15 18. Rae1 (18. a4
Nc4 19. b3 Nd6 $15) 18... Qd7 (18... a5 $142 $5 19. Bg5 Rf8 $17) 19. Qg4 $11
Bf8 (19... a5 20. Be5 Bf8 21. Bf6 $11) 20. Bg5 $14 Re8 21. Rd1 $4 (21. Qd4 $5
Rb8 22. Bf4 $14) 21... Kh8 (21... Qc6 $142 $17) 22. a4 $11 f6 23. Bc1 (23. Be3
Rb8 24. Qh5 Nc4 $11) 23... Rb8 (23... Qf7 24. Qd4 Rb8 25. a5 $17) 24. b3 (24.
Qh5 Bb7 $15) 24... Qf7 $15 25. Rde1 $4 (25. a5 $142 Nd7 26. Na4 $15) 25... e5
$19 26. Qf3 d4 27. Nd1 (27. a5 Bb7 (27... dxc3 $6 28. axb6 Rxb6 29. Rxe5 Rxe5
30. Rxe5 $11) 28. Qf5 Bxg2 (28... dxc3 $6 29. Bxb7 Qxb7 30. axb6 $11) 29. Kxg2
Nc8 $19 (29... dxc3 $6 30. axb6 Rxb6 31. Rd1 $11)) 27... Bb4 (27... Qg6 $142
28. Nb2 Bb4 29. Bd2 $19) 28. c3 $4 (28. Bd2 Bb7 29. Qd3 Bxg2 30. Kxg2 $19)
28... Bb7 29. Qg4 Bxg2 30. cxb4 (30. Kxg2 Bxc3 31. Nxc3 dxc3 $19) 30... Bd5 (
30... Ba8 31. b5 $19) 31. a5 (31. f4 Nd7 $19) 31... Nd7 32. Rb2 (32. Rc2 Rxb4
33. Ne3 h5 $19) 32... Rxb4 (32... Rbc8 33. Be3 f5 34. Qe2 $19) 33. Rc2 (33. Ne3
h5 34. Nxd5 hxg4 35. Nxb4 Nc5 $19) 33... Be6 (33... Rxb3 $5 34. Rc7 Rb7 35.
Rxb7 Bxb7 36. Qe2 $19) 34. Qe2 Bxb3 35. Rc7 (35. Rb2 e4 36. f3 Ne5 37. fxe4 Bc4
$19) 35... Rc4 36. Rxc4 Qxc4 (36... Bxc4 $142 37. Qc2 Bb5 38. f3 $19) 37. Qg4 (
37. Qxc4 Bxc4 38. Ba3 $19) 37... Qxc1 38. Qxd7 Qc8 (38... Rg8 $142 $5 39. Qg4
Qd2 40. Rf1 $19) 39. Qd6 (39. Qxc8 Rxc8 40. Nb2 Bd5 $19) 39... Qe6 (39... h6
40. h3 $19) 40. Qa3 (40. Qxe6 Rxe6 41. Ne3 h5 $19) 40... Bd5 41. f4 (41. Qd3
Rc8 $19) 41... Rb8 (41... Ba8 $142 42. g4 Qd5 43. Qh3 $19) 42. fxe5 (42. Nf2
Ba8 $19) 42... h6 (42... Qh3 $142 43. Re2 fxe5 44. Rd2 $19) 43. Qd6 Re8 44. Rf1
(44. Qxe6 Rxe6 (44... Bxe6 $6 45. exf6 gxf6 46. Re4 $11) 45. Nb2 Rxe5 $19)
44... fxe5 (44... Qxe5 45. Qxe5 fxe5 46. Nf2 $19) 45. Qb4 (45. Qxe6 Bxe6 46.
Re1 Bd5 $19) 45... Kh7 46. Nb2 (46. Nf2 Ba8 47. Re1 Qd5 $19) 46... Rc8 47. Na4
Rc2 48. Qe1 (48. Qb1 Qc6 49. Rf2 d3 50. Rxc2 dxc2 51. Qc1 Qxa4 52. Kf2 Qe4 53.
Qd2 Qg2+ 54. Ke1 Bc4 55. Qxg2 c1=Q+ 56. Kf2 Qd2+ 57. Kf3 Bd5+ 58. Kg4 Qg5+ 59.
Kh3 Qh5#) 48... Qh3 (48... Rg2+ 49. Kh1 Rxg3+ 50. Qe4+ Bxe4+ 51. Rf3 Bxf3#) 49.
Rf2 $19 d3 50. Nb6 Bf3 51. Qb1 Rxf2 52. Kxf2 (52. Qxd3+ e4 53. Qxe4+ Bxe4 54.
Kxf2 Qg4 55. Ke3 Bf5 56. h3 Qe4+ 57. Kf2 Bxh3 58. g4 Bxg4 59. Nd5 Qxd5 60. Ke3
g5 61. Kf2 Qf3+ 62. Kg1 Bh3 63. Kh2 Qg2#) 52... Qg2+ 53. Ke3 (53. Ke1 Qe2#)
53... Qe2# 0-1

[Event "Seafair Open"]
[Site "?"]
[Date "1970.08.02"]
[Round "4"]
[White "Krzyzowski, E."]
[Black "Bailey, B."]
[Result "1/2-1/2"]
[WhiteElo "1954"]
[BlackElo "1759"]
[Annotator "Stockfish 12 (15s)"]
[PlyCount "80"]
[EventDate "1970.??.??"]

{D20: Queen's Gambit Accepted: 3 e3 and 3 e4} 1. d4 d5 2. c4 dxc4 3. Nc3 a6 4.
a4 Nf6 5. e4 c5 6. d5 e6 7. Bxc4 exd5 8. Nxd5 Nxd5 (8... Be7 9. Qb3 O-O 10. Nb6
Nxe4 11. Nxa8 Qa5+ 12. Kf1 Nc6 13. Nf3 Bg4 14. Qxb7 Bxf3 15. gxf3 Nd2+ 16. Bxd2
Qxd2 17. Re1 Qf4 18. Bd5 Nd4 19. Qxe7 Qf5 20. Qe4 Qh3+ 21. Kg1 Qh5 22. h4 {
1-0 (22) Merriman,J (2255)-Flear,C (2240) England 1998}) 9. Bxd5 Be7 10. Qb3
$146 (10. Qh5 O-O 11. Nf3 Nd7 12. Ng5 Nf6 13. Bxf7+ Kh8 14. Qe2 Nxe4 15. Nxe4
Rxf7 16. O-O Qd5 17. Ng5 Kg8 18. Nxf7 Qxf7 19. Re1 Kf8 20. Ra3 Bd7 21. Rf3 Bf6
22. Qc2 Bc6 23. Qxc5+ Kg8 24. Rg3 Bxa4 {
Marshall,F-Rubinstein,A Liege 1930 1-0 (55)}) 10... O-O 11. Bxb7 $4 (11. Ne2
Nc6 $16) 11... Bxb7 (11... c4 $142 12. Qxc4 Bxb7 $19) 12. Qxb7 $11 Nd7 13. Bf4
Bg5 14. Qc7 (14. Bd6 Be7 15. Bxe7 Qxe7 $11) 14... Qe7 (14... Bxf4 $5 15. Qxf4
Rb8 $11) 15. Bxg5 $11 Qxg5 16. g3 $4 (16. Ne2 Ne5 (16... Qxg2 $143 17. Rg1 Qh3
18. O-O-O Qh6+ 19. Kb1 $16) 17. O-O Nf3+ 18. Kh1 Nd2 $11) 16... Qg4 (16... Ne5
$142 17. Rd1 Rfe8 $19) 17. f3 $11 Qe6 18. Rd1 $2 (18. Ne2 Rfc8 19. Qa5 $15)
18... Nf6 $4 (18... Ne5 $142 19. Qd6 Qe8 $19) 19. Ne2 $11 Rfc8 20. Qa5 Qb3 21.
Kf2 Qxb2 22. Rb1 Qe5 (22... Qa2 23. Rhd1 $14) 23. Rhd1 $14 Qc7 $4 (23... Re8
24. Rbc1 Rec8 25. Kg2 $14) 24. Qc3 (24. Qxc7 $142 Rxc7 25. Nc3 $18) 24... Rd8
25. Nf4 Rxd1 26. Rxd1 Rb8 (26... Re8 27. Qc4 Qb6 28. h4 $11) 27. e5 $14 Ne8 (
27... Nd7 28. e6 Nf6 29. Qc4 fxe6 30. Qxe6+ Qf7 31. Rc1 $14) 28. e6 (28. Nd5
Qb7 29. a5 Qb2+ 30. Rd2 Qb5 $16) 28... Nf6 29. exf7+ (29. Qc4 fxe6 30. Qxe6+
Qf7 $16) 29... Qxf7 $14 30. Qxc5 (30. Rd2 Rc8 31. h4 c4 $11) 30... Qa2+ $11 31.
Kg1 Qxa4 32. Qd6 Re8 33. Rb1 Qc2 34. Rb8 a5 35. Rxe8+ Nxe8 36. Qe6+ Kf8 37. Nd5
Qc5+ 38. Kg2 a4 39. Nb6 Nf6 $4 (39... Qc2+ $142 40. Kh3 Nf6 $11) 40. Nc8 (40.
Qxf6+ $142 $1 gxf6 41. Nd7+ Ke7 42. Nxc5 $18) 40... Ne8 1/2-1/2

[Event "Seafair Open"]
[Site "?"]
[Date "1970.08.02"]
[Round "5"]
[White "Bailey, B."]
[Black "Eddy, B."]
[Result "1-0"]
[WhiteElo "1759"]
[BlackElo "1811"]
[Annotator "Stockfish 12 (15s)"]
[PlyCount "85"]
[EventDate "1970.??.??"]

{B09: Pirc Defence: Austrian Attack} 1. e4 d6 2. d4 Nf6 3. Nc3 g6 4. f4 Bg7 5.
Nf3 O-O 6. Bd3 a6 7. O-O Nbd7 (7... c6 8. Qe1 Bg4 9. e5 Nd5 10. Nxd5 cxd5 11.
Nh4 e6 12. h3 Bf5 13. Nxf5 exf5 14. c3 Nc6 15. Qg3 Qd7 16. Qf3 dxe5 17. fxe5 b5
18. Kh1 Nd8 19. Bc2 Ne6 20. Bb3 Rfd8 21. Be3 Rab8 22. Rf2 {
Tirard,H (2461)-Rocha,S (2400) Nancy 2005 1/2-1/2 (39)}) 8. e5 dxe5 9. fxe5 Ne8
10. Qe2 $146 (10. Qe1 Nb6 11. Kh1 h6 12. Qh4 Qd7 13. h3 h5 14. Be3 c6 15. Ne4
Nd5 16. Bd2 e6 17. c4 Ne7 18. Nf6+ Bxf6 19. exf6 Nf5 20. Bxf5 exf5 21. Bh6 Qe6
22. Bxf8 Kxf8 23. Rfe1 Qd6 24. c5 Qd8 {
Rettler,H-Ollek,K Gladenbach 1999 1/2-1/2 (44)}) (10. Qe1 $142 f6 11. Bc4+ Kh8
$18) 10... e6 $2 (10... c5 11. Bg5 f6 $18) 11. Bg5 f6 12. exf6 Ndxf6 13. Bc4 (
13. Ne4 $5 b6 14. c3 c5 15. dxc5 Qc7 16. cxb6 Qxb6+ 17. Be3 Qc7 $18) 13... Qd6
14. Ne4 (14. Bb3 $142 $18) 14... Nxe4 15. Qxe4 Nf6 16. Bxf6 (16. Qh4 b5 17. Bb3
Bb7 $18) 16... Rxf6 $2 (16... Bxf6 17. Ne5 Kg7 $16) 17. c3 $18 c6 $2 (17... Rf5
$142 18. Rad1 c5 19. dxc5 Qxc5+ 20. Kh1 Qe7 $18) 18. Ng5 b5 (18... Qe7 19. Rxf6
Bxf6 20. Bxe6+ Kg7 21. Bxc8 Bxg5 22. Qxe7+ Bxe7 23. Bxb7 Rb8 24. Bxa6 Rxb2 $18)
19. Bb3 (19. Qh4 $142 h6 20. Ne4 Rxf1+ 21. Rxf1 Qd7 $18) 19... Ra7 (19... Qe7
20. Qxc6 Bb7 $18) 20. Rxf6 (20. Qh4 $142 Bh8 21. Ne4 Rxf1+ 22. Rxf1 $18) 20...
Bxf6 $16 21. Bxe6+ (21. Qe3 $142 Bxg5 22. Qxg5 $16) 21... Bxe6 $4 (21... Kg7
$142 22. Bxc8 Bxg5 23. Qe5+ Qxe5 24. dxe5 Ra8 $16) 22. Qxe6+ $18 (22. Nxe6 $4
Re7 $19) 22... Qxe6 23. Nxe6 Re7 (23... Be7 24. Kf2 $18) 24. Re1 b4 (24... c5
25. d5 c4 26. g3 $18) 25. Kf1 bxc3 (25... Rf7 26. Ke2 a5 27. Nc5 $18) 26. bxc3
Rf7 (26... Rd7 27. Nc5 Rd5 28. Re8+ Kf7 29. Ra8 $18) 27. Ke2 Rb7 28. Kd3 Rb2 (
28... Be7 29. Kc2 $18) 29. Re2 Rb7 (29... Rb1 30. Kc4 $18) 30. Nc5 Ra7 (30...
Rb5 31. Kc4 $18) 31. Re6 Kf7 (31... Rf7 32. Rxc6 Be7 33. Rc8+ Kg7 34. Ne6+ Kf6
35. Rc6 $18) 32. Rxc6 a5 33. Rb6 Bd8 (33... Ra8 34. Rb7+ Kg8 35. Ne4 $18) 34.
Rb7+ Rxb7 35. Nxb7 Bc7 36. g3 h5 37. Nc5 Kf6 38. Ke4 g5 39. Nd7+ Ke6 40. Ne5
Kf6 41. g4 hxg4 42. Nxg4+ Ke6 43. a4 1-0

[Event "Seafair Open"]
[Site "?"]
[Date "1970.08.02"]
[Round "6"]
[White "Hill, A."]
[Black "Bailey, B."]
[Result "1-0"]
[WhiteElo "2037"]
[BlackElo "1759"]
[Annotator "Stockfish 12 (15s)"]
[PlyCount "53"]
[EventDate "1970.??.??"]

{C44: Ponziani Opening and Scotch Gambit} 1. e4 e5 2. Nf3 Nc6 3. d4 exd4 4. c3
dxc3 5. Bc4 d6 6. Nxc3 Be7 7. Qb3 Na5 8. Bxf7+ Kf8 9. Qa4 c6 (9... Kxf7 10.
Qxa5 c6 11. Qxd8 Bxd8 12. Bf4 Ke7 13. O-O-O Bc7 14. e5 d5 15. Rxd5 cxd5 16.
Nxd5+ Kd7 17. e6+ Kxe6 18. Nxc7+ Kf5 19. Be5 {
1-0 (19) Bryson,D (2275)-Thipsay,P (2495) Edinburgh 1985}) 10. Bxg8 Rxg8 11.
O-O Be6 $146 (11... b5 12. Qc2 h5 (12... Bf6 13. e5 dxe5 14. Qxh7 b4 15. Rd1
Qe7 16. Ne4 Nb7 17. Be3 Be6 18. Nfg5 Bd5 19. Qg6 Rh8 20. Nh7+ Rxh7 21. Qxh7 Kf7
22. Rac1 a5 23. Nxf6 Kxf6 24. Qh5 Ke6 25. f4 Qf6 26. fxe5 Qxe5 27. Qg6+ {
Niedermayr,H (2216)-Koller,K (1804) Dresden 2001 1-0 (31)}) 13. e5 d5 14. Nd4
Qe8 15. Re1 g5 16. a3 Qg6 17. Qe2 Bb7 18. b3 a6 19. b4 Nc4 20. Nb3 Rd8 21. Be3
Bc8 22. Bc5 Bg4 23. f3 Bf5 24. Bxe7+ Kxe7 25. Nc5 g4 26. f4 {
Kamp,A (2015)-Klasmeier,H (1965) Germany 1987 0-1 (69)}) (11... g5 12. Bd2 b5
13. Nxb5 cxb5 14. Qxa5 Qxa5 15. Bxa5 $18) 12. e5 dxe5 (12... d5 13. Ne2 Nc4 14.
Qc2 $18) 13. Nxe5 Bf6 (13... Nc4 14. Re1 (14. Nxc4 $143 b5 15. Qc2 Bxc4 16.
Qf5+ Bf6 $18) 14... b5 15. Qc2 Nxe5 16. Rxe5 $18) 14. Re1 Bd5 (14... g5 15. h4
$1 Rg7 16. Nf3 $18) 15. Bd2 (15. Qg4 $142 Bxe5 16. Rxe5 h5 17. Qf4+ Qf6 $18)
15... b5 (15... Nc4 16. Nxc4 Bxc4 17. Qb4+ Be7 18. Qxb7 $18) 16. Qg4 (16. Qb4+
$142 c5 17. Qxc5+ Be7 18. Qe3 $18) 16... Be7 (16... Nc4 17. Nd7+ Qxd7 18. Qxd7
Nxd2 19. Nxd5 cxd5 $18) 17. Qf4+ (17. Nxd5 Qxd5 18. Nd7+ Ke8 19. Rxe7+ Kd8 20.
Bxa5+ Kxe7 21. Re1+ Kf7 22. Qf4+ Kg6 23. Ne5+ Qxe5 24. Rxe5 b4 25. Rg5+ Kh6 26.
Qh4#) 17... Ke8 $18 18. Nxd5 Rf8 19. Qg4 cxd5 20. Bxa5 Qxa5 (20... Qd6 21. Rac1
Rf6 22. Rc8+ Rxc8 23. Qxc8+ Bd8 24. Bxd8 Qxd8 25. Ng6+ Kf7 26. Re7+ Kxg6 27.
Qg4+ Kh6 28. Qxg7+ Kh5 29. Re5+ Rf5 30. Rxf5+ Qg5 31. Qxg5#) 21. Nc6 (21. Qd7#)
21... Qc7 22. Rxe7+ (22. Nxe7 Rf7 23. Ng6+ Kd8 24. Qg5+ Kc8 25. Qxd5 Qc4 26.
Qxa8+ Kc7 27. Qxa7+ Kc6 28. Ne5+ Kd6 29. Nxc4+ bxc4 30. Qb6+ Kd7 31. Rad1+ Kc8
32. Rd8#) 22... Qxe7 23. Nxe7 Kxe7 24. Re1+ Kd6 (24... Kd8 25. Qe6 Kc7 26. Qe7+
Kb8 27. Qd6+ Kb7 28. Re7+ Kc8 29. Qc7#) 25. Qe6+ Kc5 (25... Kc7 26. Qe7+ Kb8
27. Qd6+ Kc8 28. Re7 b4 29. Qc7#) 26. Rc1+ (26. Qe7+ Kc4 27. Rc1+ Kd4 28. Qe3#)
26... Kd4 (26... Kb4 27. Qa6 Rf3 28. gxf3 d4 29. Qa3#) 27. Qe3# 1-0

[Event "Walla Walla Open"]
[Site "?"]
[Date "1970.09.12"]
[Round "2"]
[White "Andrus, E."]
[Black "Bailey, B."]
[Result "0-1"]
[WhiteElo "1634"]
[BlackElo "1789"]
[Annotator "Stockfish 12 (15s)"]
[PlyCount "92"]
[EventDate "1970.??.??"]

{D20: Queen's Gambit Accepted: 3 e3 and 3 e4} 1. d4 d5 2. c4 dxc4 3. e4 c5 4.
d5 b5 5. b3 $4 $146 (5. a4 Nf6 (5... b4 6. Bxc4 e5 7. Nf3 Bg4 8. d6 Qxd6 9.
Qxd6 Bxd6 10. Bd5 Nf6 11. Bxa8 O-O 12. O-O Nbd7 13. Bc6 Rc8 14. Bxd7 Nxd7 15.
Be3 Nf6 16. h3 Bd7 17. Nbd2 Bb8 18. Rfc1 Bd6 19. Nc4 Nxe4 20. Nxd6 {
Molenaar,J (2171)-Bouguettouche,D La Fere 2004 1-0}) 6. f3 (6. Qc2 Na6 7. Bd2
Nb4 8. Bxb4 cxb4 9. axb5 e6 10. Bxc4 exd5 11. Bxd5 Nxd5 12. Qc6+ Bd7 13. Qxd5
Rc8 14. Ne2 Bc5 15. Qe5+ Kf8 16. Nd2 Bxb5 17. Rc1 Qd3 18. Nf4 Bxf2+ 19. Kxf2
Qxd2+ 20. Kf3 Rxc1 {Lehikoinen,P (2235)-Tiitta,S (2193) Helsinki 1999 0-1 (40)}
) 6... b4 7. Bxc4 g6 8. Be3 (8. e5 Nfd7 9. f4 Nb6 10. b3 Bg7 11. a5 Nxc4 12.
bxc4 e6 13. Nf3 O-O 14. O-O Ba6 15. dxe6 Bxc4 16. exf7+ Kxf7 17. Nbd2 Bxf1 18.
Qb3+ c4 19. Nxc4 Bxc4 20. Qxc4+ Ke8 21. Qe6+ Qe7 22. Qd5 a6 {
Tunik,G (2460)-Chernitsin,I (2375) Ekaterinburg 1997 1-0 (32)}) 8... Nbd7 9.
Nd2 Bg7 10. Ne2 O-O 11. O-O Ne5 12. Qc2 Nfd7 13. Kh1 Nxc4 14. Nxc4 Ba6 15. Rab1
Rc8 16. Rfc1 Nb6 17. Nxb6 axb6 18. b3 Qd7 19. Nf4 Qd6 {
Horvath,M (2270)-Dudas,J (2315) Slovakia 1995 1/2-1/2 (54)}) (5. a4 $142 Nf6 6.
Nd2 $18) 5... Nf6 $11 6. f3 $2 (6. bxc4 $142 $5 Nxe4 7. Nf3 $15) 6... e6 $17 7.
bxc4 bxc4 (7... Bd6 $5 8. Bb2 O-O 9. dxe6 Nc6 10. cxb5 Nxe4 11. fxe4 Qh4+ 12.
g3 Qxe4+ 13. Qe2 Qxh1 $17) 8. Bxc4 exd5 9. exd5 Bd6 10. Ne2 (10. Qe2+ $5 Qe7
11. Qxe7+ Kxe7 12. Na3 $17) 10... O-O $17 11. O-O Bb7 (11... Nbd7 $5 12. Bg5
Ne5 $17) 12. Nbc3 $15 Qc7 (12... Nbd7 13. Bg5 Nb6 14. Qb3 $11) 13. h3 (13. Kh1
Qc8 14. Bg5 Nbd7 $14) 13... a6 14. Be3 (14. Ne4 Nxe4 15. fxe4 Nd7 $11) 14...
Nbd7 $15 15. Ne4 Nxe4 16. fxe4 Bh2+ (16... Ne5 $142 $5 17. Qc2 Qe7 $15) 17. Kh1
$14 Be5 18. Rb1 Nf6 (18... Bd6 19. Bf4 Bc8 20. Qa4 $14) 19. Qc2 (19. Qd3 $142
Rfe8 20. Bf4 $18) 19... Nh5 $4 (19... Rae8 20. Bg5 $16) 20. Qd2 (20. Rf5 $142
Nf6 21. Rxb7 Qxb7 22. Rxe5 $18) 20... Rae8 $11 21. Nf4 $4 (21. Qd3 $142 Bc8 22.
Bf2 $14) 21... Ng3+ $19 22. Kg1 Nxe4 (22... Nxf1 $142 23. Rxf1 Bc8 24. Nh5 $19)
23. Qc2 Ng3 $4 (23... Bd6 $142 24. Ne2 Re7 $19) 24. Rf3 $11 Bd4 $4 (24... Bc8
$142 25. Bd3 Bd6 26. Rxg3 Bxf4 27. Bxf4 Qxf4 28. Bxh7+ Kh8 $11) 25. Bxd4 $18
cxd4 26. Rxg3 (26. d6 $142 Qc8 27. d7 Qxd7 28. Rxg3 $18) 26... Qxf4 $11 27. Rf3
Qc7 28. Qd3 Re3 29. Rxe3 dxe3 30. Re1 Re8 31. Bb3 (31. Rxe3 Qc5 32. Kf2 g6 $11)
31... Qg3 (31... Qc5 $142 32. Qc4 Qd6 $17) 32. Qf1 $2 (32. Re2 Qg6 33. Rxe3 Qb6
$11) 32... Bc8 $4 (32... f5 33. Bc4 Kh8 $19) 33. Re2 $4 (33. d6 $142 Rf8 34.
Re2 $15) 33... Bxh3 $19 34. d6 Be6 (34... Qg6 $142 35. Ba4 Rd8 $19) 35. d7 $11
Rd8 36. Bxe6 fxe6 37. Qd1 (37. Qc1 Qd6 38. Qxe3 Qxd7 39. Qxe6+ Qxe6 40. Rxe6 a5
$11) 37... Qc7 (37... Kf7 $5 38. Qd3 Qc7 39. Qxh7 Qc1+ 40. Kh2 Qc7+ (40... Rxd7
$6 41. Qh5+ Kf6 42. Qf3+ Ke7 43. Qe4 $11) 41. Kg1 Rxd7 42. Qh5+ g6 43. Qf3+ Ke7
44. Qxe3 Rd1+ 45. Re1 Rxe1+ 46. Qxe1 Qc5+ 47. Kh2 a5 $17) 38. Rxe3 $11 Rxd7 39.
Qe1 $4 (39. Qb3 $142 $11) 39... Qb6 (39... Rd6 40. Rb3 $19) 40. Kh1 (40. Kh2
Qc7+ 41. Kh3 Qc5 $19) 40... Rd5 41. g3 (41. Re5 Rd6 42. Re3 $19) 41... Rh5+ 42.
Kg2 Qc6+ 43. Rf3 Rf5 44. Qf2 Qxf3+ 45. Qxf3 Rxf3 46. Kxf3 Kf7 0-1

[Event "Walla Walla Open"]
[Site "?"]
[Date "1970.09.12"]
[Round "3"]
[White "Bailey, B."]
[Black "Torkar, P."]
[Result "0-1"]
[WhiteElo "1789"]
[BlackElo "2162"]
[Annotator "Stockfish 12 (15s)"]
[PlyCount "70"]
[EventDate "1970.??.??"]

{B28: Sicilian: 2 Nf3 a6 (O'Kelly Variation)} 1. e4 c5 2. Nf3 a6 3. d4 cxd4 4.
Nxd4 Nf6 5. e5 Qa5+ 6. Nc3 Qxe5+ 7. Be3 (7. Be2 Nc6 (7... e6 8. f4 Qc7 9. O-O
Bc5 10. Kh1 Nc6 11. Nf3 d5 12. Bd3 Bd7 13. Qe2 O-O-O 14. Nd1 h6 15. c3 Bd6 16.
g3 e5 17. fxe5 Nxe5 18. Nxe5 Bxe5 19. Ne3 Bc6 20. Kg1 h5 21. Nf5 g6 22. Nd4 {
Kojic,D-Markovic,B Zagreb 2005 0-1}) 8. Nxc6 bxc6 9. O-O e6 10. f4 Qa5 11. f5
exf5 12. Bd3 Bc5+ 13. Kh1 d5 14. Bxf5 Bxf5 15. Rxf5 O-O-O 16. Bg5 Be7 17. Rb1
Rhe8 18. b4 Bxb4 19. Bxf6 gxf6 20. Rxf6 Re6 21. Qg4 Bxc3 {
Schmidt Wilke,J (2085)-Vujovic,M (2260) Formia 1994 0-1 (42)}) 7... e6 8. Nf3
$146 (8. f4 Qxe3+ 9. Qe2 Qxd4 10. Qe5 Nc6 11. Qxd4 Nxd4 12. O-O-O Nc6 13. Kb1
b5 14. a3 b4 15. axb4 Bxb4 16. Na2 Ne4 17. Rc1 Bd2 18. Rd1 Bxf4 19. Re1 Nd2+
20. Ka1 Nd4 21. Nb4 a5 22. Nd3 Nxc2+ {
Belyaev,I-Ivanov,V Eskisehir 2004 0-1 (53)}) (8. a3 Nc6 (8... Be7 9. Be2 O-O
10. O-O d5 11. Qd2 Qc7 12. Nb3 Nbd7 13. Rac1 Bd6 14. g3 b5 15. f4 Bb7 16. Bf3
Nb6 17. Bxb6 Qxb6+ 18. Qf2 Qxf2+ 19. Rxf2 Bc7 20. Re2 Bb6+ 21. Kg2 Rac8 22. Nd1
Rc7 23. Nf2 {Jankiewicz,R-Wilminski,L Krynica 1998 1-0 (62)}) 9. Nb3 Be7 10.
Be2 O-O 11. O-O b5 12. Qd2 b4 13. axb4 Bxb4 14. f4 Qc7 15. Bd3 Bxc3 16. bxc3 d6
17. Nd4 Ng4 18. Rf3 Nxe3 19. Rxe3 Nxd4 20. cxd4 g6 21. h4 f5 22. Qe2 Qg7 {
Schett,F (2029)-Walcher,C (1724) Seefeld 2003 1-0 (48)}) (8. Qe2 Qc7 9. O-O-O
b5 $19) 8... Qc7 (8... Qa5 $142 9. Bd3 d5 10. O-O $19) 9. a3 $2 (9. Na4 $142
Nc6 10. Bb6 $17) 9... Nc6 10. Na4 Nd5 11. Bd4 (11. Bd2 Na5 12. c4 Nxc4 13. Rc1
$19) 11... b5 (11... Qa5+ 12. c3 Nxd4 13. Qxd4 $19) 12. Nc3 (12. c4 Nxd4 13.
Qxd4 bxa4 14. cxd5 Qa5+ 15. Nd2 Qxd5 16. Qxd5 exd5 $19) 12... Nxd4 13. Nxd5 (
13. Qxd4 Nxc3 14. Qxc3 Qxc3+ 15. bxc3 g6 $19) 13... Nxf3+ (13... exd5 $6 14.
Qxd4 Bb7 15. O-O-O $11) 14. Qxf3 exd5 15. O-O-O Be7 16. Re1 (16. Bd3 b4 17.
axb4 O-O 18. Qxd5 Bb7 $19) 16... d6 17. Qxd5 Ra7 (17... O-O 18. Qe4 Ra7 19. Bd3
$19) 18. Bd3 Be6 (18... O-O $142 $5 19. f4 $19) 19. Rxe6 fxe6 20. Qxe6 Rf8 (
20... Qc5 21. Kb1 Kd8 22. Rd1 $19) 21. Bxh7 (21. f3 g6 $19) 21... Rf6 (21...
Rxf2 22. Bd3 $19) 22. Bg6+ (22. Qg8+ Bf8 23. f3 Qc5 $19) 22... Kf8 23. Qg4 d5 (
23... Qc4 24. Qh5 Qf4+ 25. Kb1 $19) 24. Qh5 (24. Re1 Qf4+ 25. Qxf4 Rxf4 $19)
24... Qf4+ 25. Kb1 Qh6 26. Qe5 Qf4 27. Qh5 Qh6 28. Qe5 Rd7 29. Bf5 (29. Bd3 Qf4
30. Qh5 Rh6 31. Qf5+ Qxf5 32. Bxf5 Rdd6 $19) 29... Qg5 (29... Qh5 30. g4 Rxf5
31. gxf5 $19 (31. gxh5 $4 Rxe5 32. c3 Rxh5 $19)) 30. g4 Rxf5 $1 31. gxf5 (31.
Qxf5+ Qxf5 32. gxf5 Bc5 {Combination}) (31. gxf5 Qg2 {Combination}) 31... Qf6
32. Qb8+ (32. f4 Qc6 $19) 32... Rd8 33. Qb7 (33. Qg3 Qxf5 34. Re1 Bf6 $19)
33... Qe5 (33... b4 $142 34. axb4 Qd4 $19) 34. Qxa6 (34. f4 Qd4 35. Qxa6 $19)
34... Bf6 35. c3 Qe4+ (35... Qe4+ 36. Ka2 Qxh1 37. Qxb5 Qxh2 38. Qc5+ Kg8 $19)
0-1